The many colours of a rainbow the biography of senator A(h)madu A. Ali

Gorde:
Xehetasun bibliografikoak
Egile nagusia: TSEJA, Gideon S.
Formatua: Liburua
Hizkuntza:ingelesa
Argitaratua: Tamaza Publishers 2017
Etiketak: Etiketa erantsi
Etiketarik gabe, Izan zaitez lehena erregistro honi etiketa jartzen!

MARC

LEADER 00000nam a22000007a 4500
008 210818b ||||| |||| 00| 0 eng d
020 |a 978-978-54678-4-0 
100 |a TSEJA, Gideon S. 
245 |a The many colours of a rainbow  |b  the biography of senator A(h)madu A. Ali  |c Gideon S. Tseja.  |g xvi, 423p.; ill.  
260 |b Tamaza Publishers  |c 2017  |h Zaria, Nigeria  |i 685369  |i 685370  |i 685371  |l 685372  |m Ali A(hmadu A. – 1936  |m Ali, A(hmadu A. – Biography 
500 |a “It includes index” 
942 |a lcc  |c BK  |e YUNUSA, A.A.  |f 18/8/2021 
952 |0 0  |1 0  |2 lcc  |4 0  |6 CT2528 T78  |7 0  |9 3122  |a HOL  |b AC  |c AF  |d 2021-08-18  |l 0  |o CT2528 .T78  |p 2021-66820  |r 2021-08-18 00:00:00  |w 2021-08-18  |y BK 
952 |0 0  |1 0  |2 lcc  |4 0  |6 CT2528 T78  |7 0  |9 3123  |a HOL  |b SL  |c AF  |d 2021-08-18  |l 0  |o CT2528 .T78  |p 2021-66821  |r 2021-08-18 00:00:00  |w 2021-08-18  |y BK 
952 |0 0  |1 0  |2 lcc  |4 0  |6 CT2528 T78  |7 0  |9 3124  |a HOL  |b ART  |c AF  |d 2021-08-18  |l 0  |o CT2528 .T78  |p 2021-66822  |r 2021-08-18 00:00:00  |w 2021-08-18  |y BK 
952 |0 0  |1 0  |2 lcc  |4 0  |6 CT2528 T78  |7 0  |9 3125  |a HOL  |b HOL  |c AF  |d 2021-08-18  |l 0  |o CT2528 .T78  |p 2021-66823  |r 2021-08-18 00:00:00  |w 2021-08-18  |y BK 
999 |c 1581  |d 1581